Postal Abbreviations of US and Canada - Statistics

General Stats
  • This quiz has been taken 49 times
  • The average score is 57 of 71
Answer Stats
Abbreviation State / Province / District % Correct
AL Alabama
96%
AB Alberta
96%
AR Arkansas
96%
AK Alaska
92%
AZ Arizona
92%
BC British Columbia
92%
CA California
92%
CO Colorado
92%
CT Connecticut
92%
DE Delaware
92%
FL Florida
92%
GA Georgia
88%
HI Hawaii
88%
ID Idaho
88%
IL Illinois
88%
IN Indiana
88%
IA Iowa
88%
KS Kansas
88%
MB Manitoba
88%
MA Massachusetts
88%
MI Michigan
88%
MT Montana
88%
NH New Hampshire
88%
NJ New Jersey
88%
NM New Mexico
88%
NY New York
88%
KY Kentucky
84%
MN Minnesota
84%
MO Missouri
84%
NC North Carolina
84%
ND North Dakota
84%
OH Ohio
84%
OK Oklahoma
84%
ON Ontario
84%
OR Oregon
84%
PA Pennsylvania
84%
QC Quebec
84%
TN Tennessee
84%
TX Texas
84%
UT Utah
84%
VT Vermont
84%
VA Virginia
84%
WA Washington
84%
WI Wisconsin
84%
WY Wyoming
84%
LA Louisiana
80%
MD Maryland
80%
MS Mississippi
80%
NE Nebraska
80%
NV Nevada
80%
NB New Brunswick
80%
NF Newfoundland
80%
RI Rhode Island
80%
SC South Carolina
80%
SD South Dakota
80%
WV West Virginia
80%
ME Maine
76%
NS Nova Scotia
76%
PR Puerto Rico
76%
SK Saskatchewan
76%
YT Yukon
76%
GU Guam
72%
NT Northwest Territories
72%
DC Washington, District Of Columbia
72%
AS American Samoa
68%
PE Prince Edward Island
64%
VI Virgin Islands
52%
FM Federated States Of Micronesia
48%
PW Palau
32%
MH Marshall Islands
28%
MP Northern Mariana Islands
28%
No matching quizzes found
Score Distribution
Percent of People with Each Score
Percentile by Number Answered
Your Score History
You have not taken this quiz